000 01457cam a22004454i 4500
003 PE-LiUPU
005 20250731165646.0
008 150616s r 000 0 d
035 _a(Sirsi) a8736
035 _a(Sirsi) a8736
040 _aPE-LiUPU
_bspa
_cPE-LiUPU
_erda
049 _aPRUA
082 0 4 _a221.7
_bWBUL
_221
100 1 _aWatts, John D. W.,
_eautor.
245 1 0 _aWord biblical commentary :
_bIsaiah 1-33.
_n24 /
_cJohn D. W. Watts.
336 _atext
_2rdacontent
337 _aunmediated
_2rdamedia
338 _avolume
_2rdacarrier
526 _aSEG44
526 _aSEG26
526 _aP151
526 _aP150
526 _aP149
526 _aP146
526 _aP145
526 _aP126
526 _aP125
526 _aP92
526 _aP75
526 _aP74
526 _aP27
526 _aP15
910 _ajck
_bjvq
_cjck
942 _2ddc
_cBOOK
949 _aRC 221.7 WBC 24
_wDEWEY
_c1
_i37746
_lRC
_mBUL
_r0
_sY
_tBOOK
_u2015-4-23
_xBIBLIOTECA
_zUNKNOWN
_0COMPRA
_o.CIRCNOTE. No olvidar cambiar la fecha de devolución!!!!!!!
_o.STAFF. Colección General
994 _aC0
_bPEPRU
596 _a1
999 _aRC 221.7 WBC 24
_wDEWEY
_c60113
_i37746
_d60113
_f2021-11-8
_g6
_lCCODEBUL1
_mBUL
_q25
_r1
_sY
_tBOOK
_u2015-4-23
_xTEOLOGIA
_zUNKNOWN
_0COMPRA
_o.CIRCNOTE. No olvidar cambiar la fecha de devolución!!!!!!!
_o.STAFF. Colección General
980 _81
_gALBERTO SANCHEZ Responsable de Automatización